Quizz The Walking Dead - Statistiques

Statistiques générales
  • Ce quiz a été pris 750 fois
  • Le résultat moyen est 9 sur 16
Statistiques - réponses
Hint Réponse % Correct
Qui est l'épouse de Glenn Rhee ? Maggie
89%
Qui est le père biologique de Judith Grimes ? Shane
86%
Qui est la compagne de Rick à partir d'épisode 10 de la saison 6 ? Michonne
85%
Qui est la première personne que Rick rencontre après être sorti du coma ? Morgan
83%
Qui est le frère spirituel de Rick ? Daryl
76%
Comment se nomme le fils de Glenn et Maggie ? Hershel
74%
Qui se fait couper la tête par Brian Blake dans l'épisode 8 de la saison 4 ? Hershel
74%
Pourquoi Rick était dans le coma ? Balle
61%
Qui est le recruteur qui amène Rick et son groupe à Alexandria ? Aaron
49%
Qui tue Lori Grimes ? Carl Grimes
47%
Qui Rick attache sur un toit ? Merle Dixon
47%
Quelles sont les deux personnes qui meurt sous les coup de Lucille ? Abraham et Glenn
46%
Comment se nomme le fils de Rick et de Michonne ? Rick Junior
27%
Quand est sorti le premier épisode de The Walking Dead ? 31/10/10
13%
Qui est la première femme d'Hershel Greene ? Josephine
2%
Comment meurt Patricia ? Dévorée par les rodeurs
1%
Aucun quiz correspondant
Distribution des résultats
% des personnes avec chaque résultat
Percentile par nombre de réponses
Votre historique - résultats
Vous n’avez pas pris ce quiz